Villes du monde par emojis - Cliquez - Statistiques

Statistiques générales
  • Ce quiz a été pris 654 fois
  • Le résultat moyen est 11 sur 15
Statistiques - réponses
Hint Réponse % Correct
🌧️💂🚇 Londres
96%
🗼🗾🏯 Tokyo
91%
⚛️🍟🍻 Bruxelles
89%
🤠🐴⭐️ Dallas
87%
🐪🔼🇪🇬 Le Caire
84%
🇨🇩🐆 Kinshasa
77%
🕌🌴🐫 Marrakech
77%
🦁✏️👨‍🍳 Lyon
75%
🇵🇱🧜‍♀️⛪️ Varsovie
74%
🇨🇺🚗🪇 La Havane
73%
🕌🌉🏛️ Istanbul
72%
☀️🩴🕺 Rio de Janeiro
65%
☀️🌴🐊 Miami
63%
🐺⛲️🇻🇦 Rome
60%
🐉🚋🍷 Porto
55%
Aucun quiz correspondant
Distribution des résultats
% des personnes avec chaque résultat
Percentile par nombre de réponses
Votre historique - résultats
Vous n’avez pas pris ce quiz